Rudolf Těsnohlídek a Vánoční strom republiky : k počátkům československé tradice (1919-1929) /

Hlavní autor: Kraflová, Hana, 1962-
Jazyk: Čeština
Vydáno: Brno : Moravské zemské muzeum, 2008
Témata:
Externí odkaz: Digitalizovaný dokument
Fyzický popis: 119 s. : il. (některé barev.), portréty, faksim. ; 17 x 24 cm
Language note: Anglické resumé
Knihy
Uloženo v:
LEADER 02612nam a2200637 a 4500
001 nkc20091860958
003 CZ PrNK
005 20220829095057.0
007 ta
008 090311s2008 xr ach e 000 m cze
015 |a cnb001860958 
020 |a 978-80-7028-337-0  |q (v knize neuvedeno ;  |q brož.)  |z 978-80-7028-332-5 
035 |a (OCoLC)403664645 
040 |a ABA001  |b cze 
041 0 |a cze  |b eng 
043 |a e-cs---  |a e-xr---  |b e-xr-jm  |2 czenas 
045 |a x1x2 
072 7 |a 394  |x Veřejný a společenský život. Každodenní život  |2 Konspekt  |9 1 
080 |a 394.1/.7  |2 MRF 
080 |a 364-32  |2 MRF 
080 |a 398.332.416  |2 MRF 
080 |a 821.162.3-051  |2 MRF 
080 |a 364-54-053.2  |2 MRF 
080 |a (437)  |2 MRF 
080 |a (437.322)  |2 MRF 
080 |a (048.8)  |2 MRF 
100 1 |a Kraflová, Hana,  |d 1962-  |7 mzk2004246425  |4 aut 
245 1 0 |a Rudolf Těsnohlídek a Vánoční strom republiky :  |b k počátkům československé tradice (1919-1929) /  |c Hana Kraflová 
260 |a Brno :  |b Moravské zemské muzeum,  |c 2008 
300 |a 119 s. :  |b il. (některé barev.), portréty, faksim. ;  |c 17 x 24 cm 
504 |a Obsahuje bibliografii a bibliografické odkazy 
546 |a Anglické resumé 
600 1 7 |a Těsnohlídek, Rudolf,  |d 1882-1928  |7 jk01132297  |2 czenas 
648 7 |a 19.-20. století  |7 ch757015  |2 czenas 
648 4 |a 1919-1929 
650 0 7 |a kulturní akce  |7 ph122016  |z Československo  |2 czenas 
650 0 7 |a charitativní činnost  |7 ph135878  |z Československo  |2 czenas 
650 0 7 |a vánoční stromky  |7 ph116663  |z Československo  |2 czenas 
650 0 7 |a čeští spisovatelé  |7 ph128175  |y 19.-20. století  |2 czenas 
650 0 7 |a dětské domovy  |7 ph119726  |z Československo  |2 czenas 
650 0 9 |a cultural events  |z Czechoslovakia  |2 eczenas 
650 0 9 |a charities  |z Czechoslovakia  |2 eczenas 
650 0 9 |a Christmas trees  |z Czechoslovakia  |2 eczenas 
650 0 9 |a Czech authors  |y 19th-20th centuries  |2 eczenas 
650 0 9 |a children's homes  |z Czechoslovakia  |2 eczenas 
651 7 |a Brno (Česko)  |7 ge134084  |2 czenas 
651 9 |a Brno (Czechia)  |2 eczenas 
655 7 |a studie  |7 fd133597  |2 czenas 
655 9 |a studies  |2 eczenas 
856 4 1 |u http://www.digitalniknihovna.cz/mzk/uuid/uuid:ce8a8160-c49d-11e3-a99b-005056822549  |y Digitalizovaný dokument  |x NDK 
910 2 |a BOA001  |b 2-1221.657 
990 |a BK 
995 |a 01 
991 |b 200905  |c NOV 
996 6 |b 2610374696  |c 2-1221.657  |l MZK  |r Sklad / do 1 hodiny  |n 4  |p p.v.  |w 000935907  |u 000010  |a 1  |e BOA001  |j MZK50  |s P 
996 7 |b 2610374697  |c 2-1221.657  |l MZK  |r Sklad / do 1 hodiny  |n 19  |p p.v.  |w 000935907  |u 000020  |a 1  |e BOA001  |j MZK50  |s A